| 000 -LEADER |
| fixed length control field |
00937nam a2200289 a 4500 |
| 001 - CONTROL NUMBER |
| control field |
4970128 |
| 005 - DATE AND TIME OF LATEST TRANSACTION |
| control field |
20180220095632.0 |
| 008 - FIXED-LENGTH DATA ELEMENTS--GENERAL INFORMATION |
| fixed length control field |
970211s1996 mdua b 001 0 eng d |
| 010 ## - LIBRARY OF CONGRESS CONTROL NUMBER |
| LC control number |
97149652 |
| 020 ## - INTERNATIONAL STANDARD BOOK NUMBER |
| International Standard Book Number |
1569000522 |
| 035 ## - SYSTEM CONTROL NUMBER |
| System control number |
(OCoLC)36369396 |
| 040 ## - CATALOGING SOURCE |
| Original cataloging agency |
IPfsG |
| Transcribing agency |
IPfsG |
| Modifying agency |
MBU |
| -- |
DLC |
| 041 ## - LANGUAGE CODE |
| Language code of text/sound track or separate title |
eng |
| 042 ## - AUTHENTICATION CODE |
| Authentication code |
lccopycat |
| 043 ## - GEOGRAPHIC AREA CODE |
| Geographic area code |
n-us--- |
| 080 ## - UNIVERSAL DECIMAL CLASSIFICATION NUMBER |
| Universal Decimal Classification number |
615.8515 RIT |
| 082 00 - DEWEY DECIMAL CLASSIFICATION NUMBER |
| Classification number |
615.8515 RIT |
| Edition number |
21 |
| 100 ## - Rafti |
| Rafti |
4 |
| 101 ## - Shkurtesa |
| Shkurtesa |
SHM |
| 245 00 - TITLE STATEMENT |
| Title |
Perspectives on purposeful activity : |
| Statement of responsibility, etc |
edited by Rita P. Fleming Cottrell. |
| 246 30 - VARYING FORM OF TITLE |
| Title proper/short title |
Foundation and future of occupational therapy |
| 246 18 - VARYING FORM OF TITLE |
| Title proper/short title |
Purposeful activity |
| 504 ## - BIBLIOGRAPHY, ETC. NOTE |
| Bibliography, etc |
Includes bibliographical references and index. |
| 906 ## - LOCAL DATA ELEMENT F, LDF (RLIN) |
| a |
7 |
| b |
cbc |
| c |
copycat |
| d |
2 |
| e |
ncip |
| f |
19 |
| g |
y-gencatlg |
| 942 ## - ADDED ENTRY ELEMENTS (KOHA) |
| Source of classification or shelving scheme |
|
| Item type |
Books |